A linguistic analysis of legal cases as a genre /
Saved in:
| Main Author: | |
|---|---|
| Format: | Thesis Book |
| Language: | English |
| Published: |
1991.
|
| Subjects: | |
| Tags: |
Add Tag
No Tags, Be the first to tag this record!
|
| LEADER | 00793cam a2200241 a 4500 | ||
|---|---|---|---|
| 001 | u308084 | ||
| 003 | SIRSI | ||
| 008 | 930205s1991 si v 00 1 eng | ||
| 035 | |a ABL-9860 | ||
| 040 | |a UMM | ||
| 090 | |a PE1479 |b L3Cas | ||
| 100 | 1 | 0 | |a Castro, Carolyn D. |
| 245 | 1 | 2 | |a A linguistic analysis of legal cases as a genre / |c by Carolyn D. Castro. |
| 260 | |c 1991. | ||
| 300 | |a viii, 127 leaves : |b ill. ; |c 30 cm. | ||
| 502 | |a Dissertation (M.A.) -- National University of Singapore, 1991. | ||
| 504 | |a Bibliography: leaves 97-117. | ||
| 650 | 0 | |a Law |x Language. | |
| 650 | 0 | |a Legal composition. | |
| 650 | 0 | |a English language |x Rhetoric. | |
| 948 | |a 05/02/1993 |b 06/09/2002 | ||
| 596 | |a 1 | ||
| 999 | |a PE1479 L3CAS |w LC |c 1 |i A011194871 |d 9/6/2016 |e 9/6/2016 |l STACKS |m P01UTAMA |n 11 |r Y |s Y |t TESIS |u 9/3/1993 | ||
